| 000 | 00804cam a2200193 4500 | ||
|---|---|---|---|
| 001 | X118188 | ||
| 008 | 020528n2002 000 0 eng u | ||
| 035 | _a(Sirsi) u118188 | ||
| 245 | _aButler v SoS Environment Transport and the Regions | ||
| 260 | _c2002 | ||
| 490 |
_aJournal of Planning and Environment Law _v[2002] JPL 428-437(10) |
||
| 520 | _aQBD 16 July 2001. Application for permission for residential gypsy caravan pitches refuses. Green belt. AONB. Appeal to SoS. Approach to very special circumstances. Appeal dismissed. Further appeal unnder s288 dismissed. | ||
| 650 | _aBUTLER V SOS ENVIRONMENT, TRANSPORT AND THE REGIONS | ||
| 650 | _aGREEN BELT | ||
| 650 | _aGYPSY CARAVANS | ||
| 650 | _aPLANNING PERMISSION | ||
| 690 | _aPLANNING LAW AND PRACTICE-CASE LAW | ||
| 942 | _n0 | ||
| 999 |
_c70379 _d70379 |
||